| 000 | 00831nam a22001937a 4500 | ||
|---|---|---|---|
| 999 |
_c171479 _d171479 |
||
| 005 | 20200114121828.0 | ||
| 010 | _aUR-10664 | ||
| 020 |
_c65.00 _a- |
||
| 035 | _aU-9219 | ||
| 037 |
_bDBAD/PUB _a- |
||
| 082 | _a270 | ||
| 100 | _aملت ا سلا ميہ کے ا ختلا فا ت (ا سبا ب ا و ر ا ن کا تد ا ر ک | ||
| 245 |
_aملت ا سلا ميہ کے ا ختلا فا ت (ا سبا ب ا و ر ا ن کا تد ا ر ک) _cضمير ا لحسن خا ن فلا حی |
||
| 246 |
_bMilat-e-Islamia Ke Ikhtalafat (Urdu) _aby Zamirul Hassan Khan Falahi |
||
| 260 |
_aN.Delhi _bMarkazi Maktaba Islami Publishers _c2016 ء |
||
| 270 |
_aD-307,Dawat Nagar ,Abulfazal Enclave,Jamia Nagar N.Delhi _bN.Delhi _e25 _k26981652 _l- |
||
| 300 |
_a116 ص _c22 Cm(Hb) |
||
| 942 |
_2ddc _cUR _h270 _mض م ی |
||